[Event "Keres Memorial rap 33rd"]
[Site "Tallinn"]
[Date "2024.01.06"]
[Round "4"]
[White "Rychagov, Anton"]
[Black "Agafonov, Yuri"]
[Result "1-0"]
[WhiteElo "1708"]
[BlackElo "2063"]
[PlyCount "55"]
[EventDate "2024.01.06"]
[EventType "swiss (rapid)"]
[EventRounds "11"]
[EventCountry "EST"]
[SourceTitle "CB02_2024"]
[SourceDate "2024.01.10"]
[SourceVersion "1"]
[SourceVersionDate "2024.01.10"]
[SourceQuality "1"]

1. e4 e6 2. d4 d5 3. e5 c5 4. c3 Nc6 5. Nf3 h6 6. Be2 g5 7. Be3 Bg7 8. dxc5 Nxe5 9. Nxe5 Bxe5 10. Nd2 Ne7 11. Nf3 Bg7 12. Bd4 f6 13. h4 g4 14. Nh2 e5 15. Be3 h5 16. Qd2 Nf5 17. Nf1 Be6 18. Bd3 Rc8 19. Rd1 Nxe3 20. Nxe3 Rxc5 21. Bf5 Bxf5 22. Nxf5 Bf8 23. 0-0 Qc8 24. Ne3 Bh6 25. Qd3 Bxe3 26. Qg6+ Ke7 27. fxe3 Qe6 28. Qg7+ 1-0

[Event "Riga Tech Rapid op"]
[Site "Riga"]
[Date "2023.08.06"]
[Round "7"]
[White "Dahl, Max"]
[Black "Rychagov, Anton"]
[Result "1-0"]
[WhiteElo "2175"]
[BlackElo "1669"]
[PlyCount "123"]
[EventDate "2023.08.06"]
[EventType "swiss (rapid)"]
[EventRounds "9"]
[EventCountry "LAT"]
[SourceTitle "CBM 215 Extra"]
[Source "ChessBase"]
[SourceDate "2023.09.30"]
[SourceVersion "1"]
[SourceVersionDate "2023.09.30"]
[SourceQuality "1"]

1. d4 d5 2. Nf3 Nf6 3. c4 e6 4. Nc3 Be7 5. Bf4 0-0 6. e3 b6 7. Bd3 Bb7 8. 0-0 dxc4 9. Bxc4 a6 10. Qe2 b5 11. Bd3 c5 12. Rfd1 Nbd7 13. Rac1 Rc8 14. dxc5 Bxc5 15. Ne5 Qe7 16. Nxd7 Nxd7 17. Bxh7+ Kxh7 18. Qd3+ Kg8 19. Qxd7 Qxd7 20. Rxd7 Bc6 21. Rc7 Bb6 22. Rxc8 Rxc8 23. h3 Bb7 24. a3 f6 25. e4 Ba5 26. f3 Bb6+ 27. Kf1 e5 28. Bd2 Bd4 29. Nd1 Kf7 30. Rxc8 Bxc8 31. Be3 Ke6 32. Ke2 Kd6 33. h4 Kc5 34. Kd3 a5 35. Bxd4+ exd4 36. Nf2 b4 37. axb4+ axb4 38. b3 Ba6+ 39. Kd2 Bf1 40. Nd3+ Kb5 41. g3 Ka5 42. f4 Bg2 43. e5 Bd5 44. exf6 gxf6 45. Kc2 Be4 46. h5 Kb5 47. Kd2 Bd5 48. Nc1 f5 49. h6 Bg8 50. Kd3 Kc5 51. Ne2 Bxb3 52. h7 Bc4+ 53. Kd2 Bxe2 54. Kxe2 Kc4 55. h8Q Kc3 56. Qc8+ Kb2 57. Kd3 b3 58. Kxd4 Ka2 59. Kc3 b2 60. Qa6+ Kb1 61. Qe2 Kc1 62. Qc2# 1-0

[Event "Riga Tech Rapid op"]
[Site "Riga"]
[Date "2022.08.14"]
[Round "1"]
[White "Rychagov, Anton"]
[Black "Krivonosov, Oleg"]
[Result "0-1"]
[WhiteElo "1437"]
[BlackElo "2375"]
[PlyCount "186"]
[EventDate "2022.08.14"]
[EventType "swiss (rapid)"]
[EventRounds "9"]
[EventCountry "LAT"]
[SourceTitle "CBM 209 Extra"]
[Source "ChessBase"]
[SourceDate "2022.09.30"]
[SourceVersion "1"]
[SourceVersionDate "2022.09.30"]
[SourceQuality "1"]

1. e4 e5 2. Nf3 Nc6 3. d4 exd4 4. Nxd4 Bb4+ 5. c3 Bc5 6. Be3 Bb6 7. Bc4 Nge7 8. 0-0 0-0 9. Nxc6 bxc6 10. Qe2 d5 11. Bd3 dxe4 12. Bxe4 Nd5 13. Bd2 Qf6 14. c4 Ba6 15. Nc3 Rad8 16. Qg4 Nxc3 17. Bxc3 Bd4 18. Bxd4 Rxd4 19. b3 g6 20. Rad1 Rfd8 21. Qf3 Qxf3 22. Bxf3 c5 23. h3 Bc8 24. Rfe1 Bf5 25. Kf1 Bd3+ 26. Be2 Bc2 27. Rc1 Rd2 28. Ra1 Kf8 29. Bf3 Bd3+ 30. Be2 Bf5 31. g4 Be6 32. Bf3 R8d3 33. Re2 Ke7 34. Ke1 Rxe2+ 35. Kxe2 Rc3 36. Bg2 Rc2+ 37. Ke3 a5 38. Bf1 Rb2 39. Bd3 h6 40. f3 Rh2 41. h4 Rxh4 42. Rf1 Rh2 43. Rf2 Rxf2 44. Kxf2 g5 45. Ke3 f6 46. Bg6 Kd6 47. Bd3 Ke5 48. Bg6 f5 49. gxf5 Bxf5 50. Bf7 Bb1 51. Kd2 Kf4 52. Bh5 Bf5 53. Ke2 g4 54. Kf2 g3+ 55. Kg2 Bb1 56. a3 Bc2 57. b4 cxb4 58. axb4 axb4 59. Bf7 c5 60. Bd5 b3 61. Be4 Bxe4 62. Kh3 Bxf3 63. Kh4 b2 64. Kh3 Be2 65. Kg2 Bxc4 66. Kh3 Be6+ 67. Kh4 Bf7 68. Kh3 c4 69. Kh4 c3 70. Kh3 c2 71. Kh4 b1B 72. Kh3 c1N 73. Kh4 Nb3 74. Kh3 Bc2 75. Kh4 Nc5 76. Kh3 Nd7 77. Kh4 Nf8 78. Kh3 Bcg6 79. Kh4 Nd7 80. Kh3 Nc5 81. Kh4 g2 82. Kh3 g1B 83. Kh4 Bf2+ 84. Kh3 Bf5+ 85. Kg2 Bh4 86. Kh2 Bg4 87. Kh1 Kg3 88. Kg1 Bg5 89. Kh1 h5 90. Kg1 h4 91. Kh1 h3 92. Kg1 h2+ 93. Kh1 Bf3# 0-1

[Event "EST-ch U14"]
[Site "Tallinn"]
[Date "2022.05.21"]
[Round "6"]
[White "Cherentsov, Mikhail"]
[Black "Rychagov, Anton"]
[Result "1/2-1/2"]
[WhiteElo "1325"]
[BlackElo "1436"]
[PlyCount "85"]
[EventDate "2022.05.19"]
[EventType "swiss"]
[EventRounds "8"]
[EventCountry "EST"]
[SourceTitle "EXT 2023"]
[Source "ChessBase"]
[SourceDate "2022.10.05"]
[SourceVersion "1"]
[SourceVersionDate "2022.10.05"]
[SourceQuality "1"]

1. e4 c5 2. Nf3 d6 3. d4 cxd4 4. Nxd4 Nf6 5. Nc3 a6 6. f3 e5 7. Nb3 Be6 8. Be3 Be7 9. Qd2 0-0 10. 0-0-0 Nbd7 11. g4 b5 12. g5 Nh5 13. Nd5 Bxd5 14. Qxd5 Bxg5 15. Bxg5 Qxg5+ 16. Kb1 Rfd8 17. h4 Qe3 18. Qxd6 Nf4 19. Bh3 Nxh3 20. Rd3 Qf2 21. Qe7 Ng1 22. Rd1 Nxf3 23. Rxd7 Rxd7 24. Qxd7 h5 25. a3 g6 26. Rd1 Kg7 27. Qb7 Ra7 28. Qb8 Re7 29. Rd8 Qe1+ 30. Ka2 Qxe4 31. Nd2 Qxh4 32. Rg8+ Kf6 33. Qd6+ Re6 34. Qd8+ Kf5 35. Qd3+ e4 36. Qd5+ Ne5 37. Rf8 f6 38. Nb3 Re7 39. Nd4+ Kf4 40. Qd6 Rd7 41. Rxf6+ Ke3 42. Qxe5 Rxd4 43. Rxg6 1/2-1/2

[Event "EST-ch U14"]
[Site "Tallinn"]
[Date "2022.05.21"]
[Round "5"]
[White "Rychagov, Anton"]
[Black "Rajandu, Aaron"]
[Result "1-0"]
[WhiteElo "1436"]
[BlackElo "1292"]
[PlyCount "53"]
[EventDate "2022.05.19"]
[EventType "swiss"]
[EventRounds "8"]
[EventCountry "EST"]
[SourceTitle "EXT 2023"]
[Source "ChessBase"]
[SourceDate "2022.10.05"]
[SourceVersion "1"]
[SourceVersionDate "2022.10.05"]
[SourceQuality "1"]

1. e4 c6 2. d4 d5 3. e5 c5 4. dxc5 e6 5. Be3 Nc6 6. Nf3 Qc7 7. Bb5 Nge7 8. b4 Bd7 9. Bf4 Nxb4 10. Na3 Qxc5 11. Bxd7+ Kxd7 12. 0-0 Nbc6 13. Nb1 Nf5 14. Nbd2 Ncd4 15. c4 Nxf3+ 16. Qxf3 Nd4 17. Qd3 Nf5 18. Rfd1 Ke8 19. Rac1 Qd4 20. Qb3 Bc5 21. Qxb7 Qxf2+ 22. Kh1 Rd8 23. Rf1 Qh4 24. Qb5+ Rd7 25. cxd5 exd5 26. Rxc5 g5 27. Rc7 1-0

[Event "Wch FIDE Online U12 Europe qual"]
[Site "Tornelo INT"]
[Date "2020.12.08"]
[Round "3"]
[White "Rychagov, Anton"]
[Black "Zdravkovic, Filip"]
[Result "0-1"]
[WhiteElo "1407"]
[BlackElo "1645"]
[PlyCount "54"]
[EventDate "2020.12.07"]
[EventType "swiss (rapid)"]
[EventRounds "7"]
[EventCountry "ISS"]
[SourceTitle "EXT 2022"]
[Source "ChessBase"]
[SourceDate "2021.10.06"]
[SourceVersion "1"]
[SourceVersionDate "2021.10.06"]
[SourceQuality "1"]

1. e4 c5 2. Nf3 d6 3. d4 cxd4 4. Nxd4 Nf6 5. Nc3 a6 6. Bg5 e6 7. f4 Be7 8. Qf3 Qc7 9. 0-0-0 Nbd7 10. g4 b5 11. Bg2 Rb8 12. a3 0-0 13. h4 Bb7 14. h5 Qa5 15. Nb3 Qc7 16. Bxf6 Nxf6 17. g5 Nd7 18. g6 h6 19. Bh3 f5 20. Qe3 Bf6 21. Nd2 Rbc8 22. Ndb1 a5 23. Rh2 b4 24. Nb5 Qc6 25. a4 Qc5 26. Qxc5 Nxc5 27. Nxd6 Nb3# 0-1